Zur Frage der Differenzierung von Ein- und Ausschuss bei auf fester Unterlage anliegenden bekleideten Opfern /

Hlavní autor: Rescheleit, Tanja, 1963-
Jazyk: Němčina
Vydáno: Berlin : Freie Universität, 1999
Témata:
Fyzický popis: 91 s. : il. ; 21 cm
Knihy
Uloženo v:
LEADER 01246nam a2200325 a 4500
001 000531600
003 CZ BrMZK
005 20230627140209.0
008 000115s1999 gw f 0 ger d
040 |a BOA001  |b cze 
072 7 |a 616  |x Patologie. Klinická medicína  |2 Konspekt  |9 14 
080 |a 616-001.45  |2 MRF 
080 |a 343.3/.7-058.6  |2 MRF 
080 |a 343.983:61  |2 MRF 
080 |a (043.3)  |2 MRF 
080 |a (048.3)  |2 MRF 
100 1 |a Rescheleit, Tanja,  |d 1963-  |4 aut 
245 1 0 |a Zur Frage der Differenzierung von Ein- und Ausschuss bei auf fester Unterlage anliegenden bekleideten Opfern /  |c vorgelegt von Tanja Rescheleit. 
260 |a Berlin :  |b Freie Universität,  |c 1999 
300 |a 91 s. :  |b il. ;  |c 21 cm 
500 |a Disertace(Dr.med.)-Freie Universität, Berlin, 1999. - Bibliogr. 
541 |a Berlin, Freie Universität 
650 0 7 |a střelná poranění  |7 ph139033  |2 czenas 
650 0 7 |a oběti trestných činů  |7 ph115541  |2 czenas 
650 0 7 |a soudní lékařství  |7 ph125854  |2 czenas 
655 7 |a disertace  |7 fd132024  |2 czenas 
655 7 |a teze  |7 fd133701  |2 czenas 
910 |a BOA001  |b M2-1076.699 
990 |a BK 
996 7 |b 2610120884  |c M2-1076.699  |l MZK  |r Sklad / do 24 hodin  |n 0  |p vým  |w 000531600  |u 000010  |a 1  |e BOA001  |j MZK50  |s A